Statistieken voor Landen van Europa #2

Klik hier om de quiz te nemen!

Algemene statistieken

  • Deze quiz is 1.408 keer genomen
  • De gemiddelde score is 16 van 20

Antwoordstatistieken

Antwoord% Correct
Italië
100%
Zweden
96%
Frankrijk
95%
Nederland
93%
Duitsland
92%
Griekenland
92%
Portugal
89%
Verenigd Koninkrijk
86%
Letland
84%
Malta
76%
Tsjechië
75%
Vaticaanstad
75%
Bulgarije
69%
Roemenië
69%
Hongarije
68%
Servië
66%
Moldavië
64%
Montenegro
64%
Noord-Macedonië
61%
Luxemburg
60%

Scoreverdeling

Percentiel versus Aantal Correcte Antwoorden

Procent van Mensen met Elke Score

Uw Scoregeschiedenis

U heeft deze quiz nog niet genomen